LDR 00998nam a2200253 i 4500 001 000000057378 003 CaOOAMICUS 005 20260522161858.0 008 981022s1987 it u000 u ita u 020 $a88-06-59917-8 040 $aSeMil$bita 245 13$aLe Marche /$ca cura di Sergio Anselmi. 264 1$aTorino :$bEinaudi,$c1987. 300 $aXXX, 875 p., [24] c. di tav. :$bill. ;$c22 cm 650 4$aMarche - Storia - Sec. 19.-20.$0(OLS)http://semarc/subject/60344 700 1 $aAnselmi, Sergio.$0(OLS)http://semarc/name/29161 773 0 $tStoria d'Italia.$dTorino : Einaudi, 1977-2002.$w()3449 850 $aSeMil 852 $aSeMil$W1$xVenegono$y1$mSL1.J V 6$j272406$B23532$CSeMilBibl$Z2$F23534 $8I 961 $aAcquisto: Rappresentante 996 $6020$a88-06-59917-8$9(OLS)http://semarc/number/32699 996 $6245$aLe Marche$9(OLS)http://semarc/title/141911 996 $6264$aTorino :$bEinaudi$9(OLS)http://semarc/publisher/29884